Stati attraversati dal Meridiano di Greenwich - Statistics

Statistiche generali
  • Questo quiz è stato fatto 45 volte
  • Il punteggio medio è 6 su 8
Statistiche sulle risposte
Continente Stato % Corretto
Europa Regno Unito
100%
Africa Algeria
92%
Europa Spagna
89%
Europa Francia
84%
Africa Mali
71%
Africa Burkina Faso
63%
Africa Ghana
61%
Africa Togo
50%
Nessun quiz corrispondente trovato
Distribuzione punteggi
Percentuale di utenti per punteggio
Percentile per numero di risposta
I tuoi punteggi nel tempo
Non hai fatto questo quiz